Top 50 Men WTT Ranking (09.05.2026) - Statistics

General Stats
  • This quiz has been taken 5 times
  • The average score is 40 of 50
Answer Stats
Hint Answer % Correct
KR An
100%
Nig Aruna
100%
Egy Assar
100%
Bra Calderano
100%
Fra Coton
100%
Ger Duda
100%
Ger Franziska
100%
Fra Gauzy
100%
Den Groth
100%
Jap Harimoto
100%
Rom Ionescu
100%
USA Jha
100%
Slo Jorgic
100%
Swe Kallberg
100%
Swe Karlsson
100%
Fra Lebrun
100%
Fra Lebrun
100%
Chn Lin
100%
Tpe Lin
100%
Den Lind
100%
Aus Lum
100%
Aus Luu
100%
Jap Matsushima
100%
Swe Moregardh
100%
KR Oh
100%
Ger Ovtcharov
100%
Fra Poret
100%
Ger Qiu
100%
Rus Sidorenko
100%
Ind Thakkar
100%
Jap Togami
100%
Chn Wang
100%
Chn Wen
100%
Chn Xiang
100%
Chn Zhou
100%
Chn Chen
50%
Chn Chen
50%
Cze Jancarik
50%
KR Jang
50%
HR Pucar
50%
Jap Shinozuka
50%
Jap Tanaka
50%
Jap Uda
50%
HK Wong
50%
Fra Bardet
0%
Ind Gnanasekaran
0%
Chn Liang
0%
KR Park
0%
Fra Seyfried
0%
Jap Yoshimura
0%
No matching quizzes found
Score Distribution
Percent of People with Each Score
Percentile by Number Answered
Your Score History
You have not taken this quiz